000 00442nam a22001697a 4500
005 20251108170554.0
008 250721s9999 xx 000 0 ara d
082 1 4 _aط/741/أرس
245 1 0 _aأرسم و لون /
264 1 _aالقاهرة :
_bالمركز العربي الحديث،
_c[19-].
300 _a15ص
650 1 7 _aالفنون
650 1 7 _aالرسم
650 1 7 _aالتلوين
942 _2ddc
_cBK
999 _c43799
_d43799